<?xml version='1.0' encoding='UTF-8'?>
  <record xmlns="http://www.loc.gov/MARC21/slim">
    <leader>00000cam a22000007i 4500</leader>
    <controlfield tag="001">ocn902140566</controlfield>
    <controlfield tag="003">OCoLC</controlfield>
    <controlfield tag="005">20250803040018.5</controlfield>
    <controlfield tag="008">150127s1561    be a          001 0 lat d</controlfield>
    <datafield tag="040" ind1=" " ind2=" ">
      <subfield code="a">NLGGC</subfield>
      <subfield code="b">dut</subfield>
      <subfield code="e">fobidrtb</subfield>
      <subfield code="c">NLGGC</subfield>
      <subfield code="d">QGJ</subfield>
      <subfield code="d">OCLCA</subfield>
      <subfield code="d">QGJ</subfield>
      <subfield code="d">OCLCQ</subfield>
      <subfield code="d">OCLCL</subfield>
      <subfield code="d">OCLCQ</subfield>
    </datafield>
    <datafield tag="035" ind1=" " ind2=" ">
      <subfield code="a">(OCoLC)902140566</subfield>
    </datafield>
    <datafield tag="130" ind1="0" ind2=" ">
      <subfield code="a">Bijbel.</subfield>
      <subfield code="l">Latijn.</subfield>
    </datafield>
    <datafield tag="245" ind1="1" ind2="0">
      <subfield code="a">Biblia Sacra /</subfield>
      <subfield code="c">ad vetustissima exemplaria nunc recens castigata ; Hebraea, Chaldaea, Graeca, et Latina nomina virorum, mulierum, populorum, idolorum, urbium, fluviorum, montium, caeterorumque locorum, quae in Bibliis leguntur restituta cum Latina interpretatione, ac locorum e cosmographis descriptione ; [cum praef. Johannis Hentenii et prologo Hieronymi].</subfield>
    </datafield>
    <datafield tag="260" ind1=" " ind2=" ">
      <subfield code="a">Antverpiae :</subfield>
      <subfield code="b">Apud Johannem Stelsium,</subfield>
      <subfield code="c">1561.</subfield>
    </datafield>
    <datafield tag="300" ind1=" " ind2=" ">
      <subfield code="a">XXVI, 385, 99, XXXV fol. :</subfield>
      <subfield code="b">ill. ;</subfield>
      <subfield code="c">in-2 (35 cm)</subfield>
    </datafield>
    <datafield tag="336" ind1=" " ind2=" ">
      <subfield code="a">tekst</subfield>
      <subfield code="b">txt</subfield>
      <subfield code="2">rdacontent/dut</subfield>
    </datafield>
    <datafield tag="337" ind1=" " ind2=" ">
      <subfield code="a">zonder medium</subfield>
      <subfield code="b">n</subfield>
      <subfield code="2">rdamedia/dut</subfield>
    </datafield>
    <datafield tag="338" ind1=" " ind2=" ">
      <subfield code="a">band</subfield>
      <subfield code="b">nc</subfield>
      <subfield code="2">rdacarrier/dut</subfield>
    </datafield>
    <datafield tag="340" ind1=" " ind2=" ">
      <subfield code="a">folio</subfield>
      <subfield code="2">rdabf</subfield>
    </datafield>
    <datafield tag="500" ind1=" " ind2=" ">
      <subfield code="a">Impressum: Antverpiae, apud Johannem Stelsium, sub Scuto Burgundiae. Anno M.D. LXI. Met drukkersmerk, motto 'Concordia res parvae crescunt' en iNitialen I.S.</subfield>
    </datafield>
    <datafield tag="500" ind1=" " ind2=" ">
      <subfield code="a">Tekst in kolommen.</subfield>
    </datafield>
    <datafield tag="500" ind1=" " ind2=" ">
      <subfield code="a">Met index.</subfield>
    </datafield>
    <datafield tag="500" ind1=" " ind2=" ">
      <subfield code="a">Illustraties: hoogdruk / letterpress.</subfield>
    </datafield>
    <datafield tag="510" ind1="3" ind2=" ">
      <subfield code="a">Darlow-Moule 6142 (vgl.)</subfield>
    </datafield>
    <datafield tag="700" ind1="1" ind2=" ">
      <subfield code="a">Hentenius, Johannes,</subfield>
      <subfield code="d">-1566,</subfield>
      <subfield code="e">author of introduction.</subfield>
      <subfield code="4">aui</subfield>
      <subfield code="1">https://id.oclc.org/worldcat/entity/E39PBJh4xb8VkWb7hFbB3JRHYP</subfield>
    </datafield>
    <datafield tag="700" ind1="1" ind2=" ">
      <subfield code="a">Hieronymus, Sophronius Eusebius,</subfield>
      <subfield code="d">ca. 349-420,</subfield>
      <subfield code="e">writer of preface.</subfield>
      <subfield code="4">wpr</subfield>
      <subfield code="1">https://id.oclc.org/worldcat/entity/E39PCjJB3qjpGMkybXmJ3G8qHC</subfield>
    </datafield>
    <datafield tag="700" ind1="1" ind2=" ">
      <subfield code="a">Steelsius, Jean</subfield>
      <subfield code="q">(Joannes),</subfield>
      <subfield code="d">-1562,</subfield>
      <subfield code="e">printer.</subfield>
      <subfield code="4">prt</subfield>
      <subfield code="1">https://id.oclc.org/worldcat/entity/E39PCjwkpQJ43CXCtyrHqBX3Yq</subfield>
    </datafield>
  </record>